Score 0/7 Timer 03:00
0 Plays Today
Question Answer Wrong Answers
This American actor, star of popular musicals like Mary Poppins and Chitty Chitty Bang Bang, is born in West Plains, Missouri.
1925
Dick Van Dyke
91.3%
Fred Astaire
3.1%
Gene Kelly
3.6%
Rex Harrison
1.5%
Imperial Guard forces stage an unsuccessful coup in this country, while Emperor Haile Selassie is away visiting Brazil.
1960
Ethiopia
81.3%
Jamaica
5%
Sudan
7.4%
Niger
4.9%
Located in Hanover, New Hampshire, this Ivy League school is founded by the Reverend Eleazar Wheelock.
1769
Dartmouth College
70.8%
Harvard University
13.9%
Columbia University
4.1%
Cornell University
11%
This captain sets sail from Plymouth for his three-year voyage that would make him the first Englishman to circumnavigate the Earth.
1577
Francis Drake
57.7%
Henry Hudson
4.9%
James Cook
27.4%
Walter Raleigh
9.9%
Sansad Bhavan, the Parliament house of this country, is attacked by terrorists.
2001
India
54.5%
Kenya
16.9%
South Korea
3%
Kazakhstan
23.8%
The Green Bay Packers win their fourth NFL championship under this coach, after whom they would later rename their home stadium.
1936
Curly Lambeau
47.1%
Vince Lombardi
46.9%
Bart Starr
3.4%
Lisle Blackbourn
1.9%
This singer releases her fifth studio album, a self-titled LP featuring tracks like 'Drunk in Love' and 'XO'.
2013
Beyoncé
45.8%
Lady Gaga
24.2%
Rihanna
24.6%
M.I.A.
3.3%
Remove Ads.
Support Sporcle.
Get the best of Sporcle when you Go Orange. This ad-free experience offers more features, more stats, and more fun while also helping to support Sporcle. Thank you for becoming a member.

You're not logged in!

Compare scores with friends on all Sporcle quizzes.
OR
Log In

Show Comments

Extras

Top Quizzes Today


Score Distribution

Your Account Isn't Verified!

In order to create a playlist on Sporcle, you need to verify the email address you used during registration. Go to your Sporcle Settings to finish the process.

Report this User

Report this user for behavior that violates our Community Guidelines.

Details: